Biggest Cities in Atlantic Canada - Statistics

General Stats
  • This quiz has been taken 37 times
  • The average score is 11 of 20
Answer Stats
# Province Population City % Correct
5 New Brunswick 58,341 Saint John
100%
2 Newfoundland & Labrador 178,427 St. John's
100%
1 Nova Scotia 316,701 Halifax
93%
3 New Brunswick 108,620 Moncton
89%
4 New Brunswick 59,405 Fredericton
86%
6 Prince Edward Island 44,739 Charlottetown
79%
7 Nova Scotia 29,904 Sydney
68%
10 Nova Scotia 22,954 Truro
61%
11 Newfoundland & Labrador 19,547 Corner Brook
57%
14 New Brunswick 15,557 Bathurst
54%
19 Newfoundland & Labrador 10,220 Gander
54%
15 Prince Edward Island 13,814 Summerside
54%
20 New Brunswick 6,883 Campbellton
43%
8 New Brunswick 27,523 Miramichi
39%
9 New Brunswick 24,445 Quispamsis| Rothesay
39%
17 New Brunswick 12,086 Edmundston
36%
12 Nova Scotia 18,665 New Glasgow
36%
16 Nova Scotia 12,088 Kentville
25%
13 Nova Scotia 17,556 Glace Bay
18%
18 Newfoundland & Labrador 12,046 Grand Falls-Windsor
11%
No matching quizzes found
Score Distribution
Percent of People with Each Score
Percentile by Number Answered
Your Score History
You have not taken this quiz